Statistics for 2016 Presidential Candidates- The Democrats

Click here to take the quiz!

General Stats

  • This quiz has been taken 22 times
  • The average score is 3 of 15

Answer Stats

ClueName% Correct
U.S. Senator from Vermont (2007-present)Bernie Sanders
100%
67th United States Secretary of StateHillary Clinton
81%
61st Governor of Maryland (2007-2015)Martin O'Malley
43%
Former U.S. Senator (2007-2013)Jim Webb
33%
74th Governor of Rhode IslandLincoln Chafee
29%
Harvard Law ProfessorLawrence Lessig
10%
Businessman from CaliforniaRocky De La Fuente
10%
Author and Activist from West VirginiaDavid Mills
0%
A Researcher; also a 2004 and 2012 Presidential Candidate from GeorgiaHarry Braun
0%
9/11 Truther and Perennial Candidate from New JerseyJeff Boss
0%
Lawyer and Politician from TennesseeJohn Wolfe Jr.
0%
Presidential Candidate (1996-2012)Keith Russell Judd
0%
Attorney from West VirginiaPaul T. Farrell Jr.
0%
International Chess PlayerSam Sloan
0%
Businessman and 2015 Chicago Mayoral Candidate from IllinoisWillie Wilson
0%

Score Distribution

Percentile by Number Answered

Percent of People with Each Score

Your Score History

You have not taken this quiz